000 00540nam a2200217 a 4500
001 2393
005 20140414131918.0
008 050531s19uu xx 00 eng d
020 _a971-8910-44-1
050 _aER
_bL72 1999
245 _aLittle mermaid (The).
260 _aMakati City :
_bStraight Lines,
_c1999.
300 _a24 p. : ill. ; cm.
440 _aClassic Tales Collection
650 _aMermaids
_xFiction.
650 _aChildren stories.
999 _c111564
_d111564